000 01368cam a22001934a 4500
005 20250605164358.0
008 250528s ||||||||||||||||||||||||d
035 _a24441
040 _aGR-AtMCL
_bgre
_dGR-AtMCL
_eAACR2
245 1 _aΕπιμόρφωση Στελεχών Επικοινωνίας: Digital και e-commerce Οδηγούν την 'Κούρσα' της Γνώσης
260 _c2016
300 _a42
520 _aΕπί Τάπητος: Τηλεοπτικές Άδειες - Τελικά ποιά είναι η Πραγματική Αξία τους, Effie Awards Hellas: Το Marketing είναι Μοχλός Οικονομικής και Κοινωνικής Ανάπτυξης, Events: IAB MiXX Awards '16 - Η Digital Διαφήμιση Βράβευσε τους Καλύτερους, Insights: ΟΟΣΑ GRECA - Το Ηλεκτρονικό Εμπόριο Εκσυγχρονίζεται, Έρευνα Οικονομικού Πανεπιστημίου Αθηνών: Οι Ψηφιακές Επικοινωνίες Πυλώνας Ανάπτυξης της Ελληνικής Οικονομίας, Content Marketing: Breaking Brand και ο Νέος Κύκλος του Native Advertising.
700 1 _aΚορδελάς Δημήτρης
_99464
942 _cCR
710 2 _aThe Marketing Week
_99825
999 _c9322
_d9322